=LDR 00000nam 2200000 4500 =001 INLIS000000000044092 =005 20131008104616 =008 ***********************************Ind** =035 ##$$0010-101300000002014 =041 ##$$a Ind =082 ##$$a 745 =090 ##$$a 745, Aff k =100 ##$$a Affandi, Lisyani =245 ##$$a Seri keterampilan kreasi sulaman, Mudah dan menarik, Lisyani Affandi =260 ##$$a 2006 $b Bandung =300 ##$$a 34 hlm, ilus, 26 cm =650 ##$$a Sulaman =850 ##$$a NBPNMAT